000 00647nam a2200205 a 4500
001 3218
003 CO-ViMGA
008 141112s2004 ck r 000 u spa d
040 _aCO-ViMGA
_bspa
_cCO-ViMGA
082 0 4 _aR421.63 W454
100 1 _aWilliams, Edwin
_952635
245 1 0 _aDiccionario Español - ingles, Ingles - español, Spanish - english, English - spanish dictionary
250 _a2a
260 _aSantafé de Bogotá :
_bMcGraw Hill,
_c1996
300 _a644 p
590 _aDatos de inventario : 05187
650 1 4 _aESPAÑOL - DICCIONARIOS - INGLES
_94247
650 1 4 _aINGLES - DICCIONARIOS - ESPAÑOL
_94248
942 _2ddc
_cBK
999 _c15268
_d15268